Gotické sny /

Hlavní autor: Slavík, Jindřich Maria, 1907-1987
Jazyk: Čeština
Vydáno: Olomouc : Č. Beran, 1934
Fyzický popis: 71 s.
Knihy
Uloženo v:
LEADER 00596nam a22001932a 4500
001 000174678
003 CZ BrMZK
005 19970107143423.0
008 970107s1934 xr f cze d
015 |a cnb000945994 
035 |a (OCoLC)85526892 
040 |a BOA001  |b cze 
100 1 |a Slavík, Jindřich Maria,  |d 1907-1987  |7 jk01111865 
245 1 0 |a Gotické sny /  |c Jindřich Maria Slavík. 
260 |a Olomouc :  |b Č. Beran,  |c 1934 
300 |a 71 s. 
910 |a BOA001  |b PK-A-0003.287 
990 |a BK 
996 7 |b 3119944544  |c PK-A-0003.287  |l MZK  |r Sklad / do 1 hodiny  |n 3  |w 000174678  |u 000010  |a 1  |e BOA001  |j MZK50  |s A